| 000 | 01133nam a2200361 i 4500 | ||
|---|---|---|---|
| 001 | 25552 | ||
| 003 | KOSZ 005 | ||
| 005 | 20200624113907.0 | ||
| 008 | 080612s1964 pl a f |000 0 pol | ||
| 015 | _aPB 1964/3009 | ||
| 035 | _a(OCoLC)832277617 | ||
| 040 |
_aWA N _cWA N _dKOSZ 005/EC |
||
| 046 | _k1964 | ||
| 080 | _a631 | ||
| 710 | 2 |
_aPaństwowe Wydawnictwo Rolnicze i Leśne _4pbl. |
|
| 999 |
_c25552 _d25552 |
||
| 999 | _bRETROZLes | ||
| 999 | _bas | ||
| 245 | 0 | 0 |
_aCzyszczenie nasion / _c[J. Dorywalski et al.]. |
| 250 | _aWyd. 1, dodr. | ||
| 260 |
_aWarszawa : _bPaństwowe Wydawnictwo Rolnicze i Leśne, _c1964. |
||
| 300 |
_a377, [1] s. : _bil. ; _c23 cm. |
||
| 380 | _aKsiążki. | ||
| 388 | _a1901-2000 | ||
| 388 | _a1945-1989 | ||
| 650 | 4 | _aNasiennictwo | |
| 650 | 4 | _aNasiona | |
| 700 | 1 |
_aDorywalski, Józef. _eAutor |
|
| 700 | 1 |
_aPrejbisz, Felicjan _eAutor |
|
| 700 | 1 |
_aŚwięcicki, Wiktor _eAutor |
|
| 700 | 1 |
_aWójcicki, Michał _eAutor |
|
| 856 |
_uhttp://koha.tu.koszalin.pl/cgi-bin/koha/opac-detail.pl?biblionumber=25552 _yKatalog online BPK |
||
| 942 |
_2UKD _cKS |
||